Gamificación en la era de la inteligencia artificial (Registro nro. 10906)

000 -CABECERA
Campo de control de longitud fija 01398nam a22002777a 4500
003 - IDENTIFICADOR DEL NÚMERO DE CONTROL
Campo de control OSt
005 - FECHA Y HORA DE LA ÚLTIMA TRANSACCIÓN
Campo de control 20260625103236.0
008 - CÓDIGOS DE INFORMACIÓN DE LONGITUD FIJA
Campo de control de longitud fija 260625t2025 xxu||||| |||| 00| 0 spa d
040 ## - FUENTE DE LA CATALOGACIÓN
Centro catalogador de origen Unicoc
Lengua de catalogación spa
Centro que cataloga Bogotá (Dr. David Ordóñez Rueda) - Campus Norte
Centro modificador Bogotá (Dr. David Ordóñez Rueda) - Campus Norte
082 ## - NÚMERO DE LA CLASIFICACIÓN DECIMAL DEWEY
Número de clasificación 371.33
100 ## - PUNTO DE ACCESO PRINCIPAL - NOMBRE DE PERSONA
9 (RLIN) 13134
Nombre de persona Rey Valzacchi, Jorge
245 ## - MENCIÓN DE TÍTULO
Título Gamificación en la era de la inteligencia artificial
Subtitulo o Resto del título : Estrategias, herramientas y el futuro del aprendizaje interactivo
Mención de responsabilidad etc. / Jorge Rey Valzacchi
250 ## - MENCIÓN DE EDICIÓN
Mención de edición 1 Ed.
260 ## - PUBLICATION, DISTRIBUTION, ETC. (IMPRINT)
Lugar de publicación distribución etc. Argentina :
Nombre del editor distribuidor etc. Instituto Latinoamericano de Desarrollo Profesional Docente
Fecha de publicación distribución etc. 2025.
300 ## - DESCRIPCIÓN FÍSICA
Extensión 114 páginas
Otras características físicas Ilustraciones, diagramas, tablas.
440 ## - MENCIÓN DE SERIE
9 (RLIN) 13135
Título Aprende Virtual
500 ## - NOTA GENERAL
Nota general Incluye bibliografía
505 ## - NOTA DE CONTENIDO CON FORMATO
Título Parte 1: Fundamentos de la gamificación en la educación. --
-- Parte 2: Estrategias y metodologías gamificadas. --
-- Parte 3: Implementación y herramientas para la gamificación. --
-- Parte 4: Inteligencia Artificial y el futuro de la gamificación educativa.
526 ## - NOTA DE INFORMACIÓN SOBRE EL PROGRAMA DE ESTUDIO
Institución que aplica el campo Unicoc
546 ## - NOTA DE LENGUA
Nota de lengua Español
650 #0 - PUNTO DE ACCESO ADICIONAL DE MATERIA - TÉRMINO DE MATERIA
9 (RLIN) 13145
Término de materia o nombre geográfico como elemento inicial Gamificación en la educación
650 #0 - PUNTO DE ACCESO ADICIONAL DE MATERIA - TÉRMINO DE MATERIA
9 (RLIN) 13144
Término de materia o nombre geográfico como elemento inicial Inteligencia artificial en educación
650 #0 - PUNTO DE ACCESO ADICIONAL DE MATERIA - TÉRMINO DE MATERIA
9 (RLIN) 13146
Término de materia o nombre geográfico como elemento inicial Aprendizaje interactivo
856 ## - LOCALIZACIÓN Y ACCESO ELECTRÓNICOS
Texto del enlace Acceso online exclusivo para comunidad Unicoc.
Identificador Uniforme del Recurso (URI) https://unicoceduco-my.sharepoint.com/:b:/g/personal/direccionbiblioteca_unicoc_edu_co/IQCLpnqQ5nmfTb8f-LhLneBbAcJxSxSaDX2-eUc9KLRLrig
942 ## - ENTRADA PARA ELEMENTOS AGREGADOS (KOHA)
Fuente de clasificación o esquema de ordenación en estanterías
Koha [por defecto] tipo de item Libro electrónico
Existencias
Tipo de item de Koha Localización permanente Localización actual Fecha de adquisición Código de barras Precio Fecha última consulta Fecha del precio de reemplazo Fuente de clasificación o esquema de ordenación en estanterías Código de colección Estado de pérdida Fuente de adquisición Signatura completa No para préstamo Estropeado
Libro electrónicoBogotá (Dr. David Ordóñez Rueda) - Campus NorteBogotá (Dr. David Ordóñez Rueda) - Campus Norte2026-06-25Ebook10906200000.002026-06-252026-06-25 Coleccion Online Compra371.33  

© 2014 UNICOC | Institución Universitaria Colegios de Colombia - UNICOC
Bogotá D.C. Autopista Norte Km. 20. Teléfono:(571)6683535
Cali: Calle 13 Norte No. 3N-13. Teléfono: (572)6608887

Con tecnología de Koha